[Event "Rotterdam Pathena op"]
[Site "Rotterdam"]
[Date "2015.05.07"]
[Round "6"]
[White "Van den Broeck, Fred"]
[Black "Sijabat, Evi"]
[Result "0-1"]
[WhiteElo "1198"]
[BlackElo "1403"]
[PlyCount "65"]
[EventDate "2015.05.02"]
[EventType "swiss"]
[EventRounds "7"]
[EventCountry "NED"]
[SourceTitle "CBM 166 Extra"]
[Source "ChessBase"]
[SourceDate "2015.06.18"]
[SourceVersion "1"]
[SourceVersionDate "2015.06.18"]
[SourceQuality "1"]

1. e4 Nc6 2. d4 d6 3. Bc4 Nf6 4. d5 Ne5 5. Qe2 Bg4 6. f3 Nxc4 7. Qxc4 Bd7 8. Nc3 h6 9. Nge2 a6 10. a4 e6 11. Nf4 Qc8 12. dxe6 Bxe6 13. Qd3 Be7 14. 0-0 g5 15. Nfd5 Nxd5 16. Nxd5 Bxd5 17. exd5 Qd7 18. Be3 0-0-0 19. Qd4 b6 20. Qc4 Kb7 21. b4 Ra8 22. Qd4 Rhc8 23. Rfb1 h5 24. Rb3 h4 25. h3 f5 26. Rc3 Rf8 27. Rc6 Bf6 28. Rxb6+ cxb6 29. Qxb6+ Kc8 30. Re1 Re8 31. Kf2 Qc7 32. Qxc7+ Kxc7 33. a5 0-1

[Event "Rotterdam Pathena op"]
[Site "Rotterdam"]
[Date "2015.05.06"]
[Round "5"]
[White "Gijsen, William"]
[Black "Van den Broeck, Fred"]
[Result "1-0"]
[WhiteElo "1198"]
[BlackElo "1198"]
[PlyCount "61"]
[EventDate "2015.05.02"]
[EventType "swiss"]
[EventRounds "7"]
[EventCountry "NED"]
[SourceTitle "CBM 166 Extra"]
[Source "ChessBase"]
[SourceDate "2015.06.18"]
[SourceVersion "1"]
[SourceVersionDate "2015.06.18"]
[SourceQuality "1"]

1. e4 d5 2. exd5 Nf6 3. Nf3 Nxd5 4. c4 Nb4 5. d4 Bf5 6. Na3 e6 7. Be2 N4c6 8. Nb5 Bb4+ 9. Bd2 a6 10. Bxb4 Nxb4 11. Na3 c6 12. 0-0 Nd7 13. Qd2 a5 14. b3 Nf6 15. Rad1 Ne4 16. Qb2 Qf6 17. Nb1 c5 18. Ne5 0-0-0 19. f3 Ng5 20. h4 h6 21. hxg5 hxg5 22. Kf2 cxd4 23. Nd3 e5 24. Ke1 Rh2 25. Nxb4 axb4 26. Bd3 Rxg2 27. Qxg2 e4 28. fxe4 Re8 29. Kd2 Qh6 30. Rxf5 g4+ 31. Kc2 1-0

[Event "Rotterdam Pathena op"]
[Site "Rotterdam"]
[Date "2015.05.04"]
[Round "3"]
[White "Schraa, Ger"]
[Black "Van den Broeck, Fred"]
[Result "1-0"]
[WhiteElo "1168"]
[BlackElo "1198"]
[PlyCount "77"]
[EventDate "2015.05.02"]
[EventType "swiss"]
[EventRounds "7"]
[EventCountry "NED"]
[SourceTitle "CBM 166 Extra"]
[Source "ChessBase"]
[SourceDate "2015.06.18"]
[SourceVersion "1"]
[SourceVersionDate "2015.06.18"]
[SourceQuality "1"]

1. d4 Nf6 2. c4 e5 3. d5 d6 4. Nc3 b6 5. e4 a5 6. Be2 Be7 7. h3 h6 8. Nf3 Na6 9. Nh2 Bb7 10. Be3 0-0 11. Nf1 c6 12. Bf3 Nc5 13. Ng3 Rc8 14. Nf5 Kh7 15. 0-0 Ng8 16. b3 Qd7 17. Nxe7 Qxe7 18. Qc2 g6 19. Bg4 Rc7 20. Rad1 Nd7 21. Bxd7 Qxd7 22. Bxb6 Rcc8 23. Bxa5 cxd5 24. Nxd5 Bxd5 25. Rxd5 Nf6 26. Rdd1 Ne8 27. Bc3 f5 28. Bxe5 Qe6 29. Bf4 fxe4 30. Be3 Nf6 31. Qd2 Rfd8 32. Bxh6 d5 33. Bg5 dxc4 34. Qb2 Rxd1 35. Rxd1 Ne8 36. Rc1 cxb3 37. Rxc8 Qxc8 38. Qxb3 Ng7 39. Qe3 1-0

[Event "Rotterdam Pathena op"]
[Site "Rotterdam"]
[Date "2015.05.02"]
[Round "1"]
[White "Van den Broeck, Fred"]
[Black "Mensing, Andrew"]
[Result "0-1"]
[WhiteElo "1198"]
[BlackElo "1882"]
[PlyCount "44"]
[EventDate "2015.05.02"]
[EventType "swiss"]
[EventRounds "7"]
[EventCountry "NED"]
[SourceTitle "CBM 166 Extra"]
[Source "ChessBase"]
[SourceDate "2015.06.18"]
[SourceVersion "1"]
[SourceVersionDate "2015.06.18"]
[SourceQuality "1"]

1. e4 c5 2. d4 cxd4 3. c3 dxc3 4. Nxc3 Nc6 5. Bc4 d6 6. Nf3 e6 7. 0-0 Be7 8. Qe2 Nf6 9. Rd1 Nd7 10. Nb5 Nde5 11. Nxe5 Nxe5 12. Bf4 Nxc4 13. Qxc4 0-0 14. Bxd6 Bxd6 15. Rxd6 Qg5 16. Rad1 e5 17. R6d3 Be6 18. Qb4 Rac8 19. Rg3 Qf4 20. Nc3 Rcd8 21. Rxd8 Rxd8 22. Rf3 Qc1+ 0-1

[Event "Spijkenisse Queens-Kings"]
[Site "Spijkenisse"]
[Date "2013.10.25"]
[Round "1.5"]
[White "Van Eck, Judie"]
[Black "Van den Broeck, Fred"]
[Result "1-0"]
[WhiteElo "1300"]
[BlackElo "1324"]
[PlyCount "54"]
[EventDate "2013.10.25"]
[EventType "team-match"]
[EventRounds "2"]
[EventCountry "NED"]
[SourceTitle "EXT 2014"]
[Source "ChessBase"]
[SourceDate "2013.11.20"]
[SourceVersion "1"]
[SourceVersionDate "2013.11.20"]
[SourceQuality "1"]
[WhiteTeam "Queens"]
[BlackTeam "Kings"]
[WhiteTeamCountry "NED"]
[BlackTeamCountry "NED"]

1. e4 c5 2. Nf3 Nc6 3. Nc3 e6 4. d3 Nf6 5. h3 d6 6. Be2 Be7 7. 0-0 a6 8. Bd2 0-0 9. b3 b6 10. Be3 Qc7 11. d4 cxd4 12. Nxd4 d5 13. Bf3 Nxd4 14. Qxd4 Bc5 15. Qd3 dxe4 16. Nxe4 Bb7 17. Nxf6+ gxf6 18. Bxb7 Rad8 19. Qc3 Qxb7 20. Bxc5 Rc8 21. Qg3+ Kh8 22. Bxf8 Rxf8 23. Rfd1 Rg8 24. Qh2 h6 25. g3 Qe4 26. Rd2 Rc8 27. Rc1 Qe5 1-0